azja stolice - Statystyki

Ogólne statystyki
  • Ten quiz został rozwiązany 117 razy
  • Średni wynik to 15 z 32
Statystyki odpowiedzi
Hint Odpowiedź % Poprawnych
Chiny Pekin
91%
Japonia Tokio
87%
Cypr Nikozja
78%
Izrael Jerozolima
73%
Korea Południowa Seul
73%
Turcja Ankara
71%
Korea Północna Pjongjang
64%
Azerbejdżan Baku
60%
ZEA Abu Zabi
58%
Tajlandia Bangkok
58%
Afganistan Kabul
58%
Kazachstan Nur Sułtan
56%
Gruzja Tbilisi
56%
Iran Teheran
56%
Filipiny Manila
53%
Indie Delhi
51%
Wietnam Hanoi
51%
Mongolia Ułan Bator
51%
Irak Bagdad
47%
Sri Lanka Sri Dźajawardanapura Kotte
40%
Jordania Amman
38%
Pakistan Islamabad
38%
Nepal Katmandu
38%
Liban Bejrut
31%
Kirgistan Biszkek
31%
Kambdża Phnom Penh
31%
Armenia Erewan
29%
Turkmenistan Aszchabad
24%
Tadżykistan Duszanbe
20%
Uzbekistan Taszkent
18%
Syria Damszek
0%
Malezja Putarajaya
0%
Nie znaleziono quizów pasujących do podanych kryteriów
Rozkład punktacji
Procent ludzi z każdym wynikiem
Percentyl według liczby udzielonych odpowiedzi
Twoja historia wyników
Nie rozwiązałeś tego quizu